| 000 | 00471nam a22001577a 4500 | ||
|---|---|---|---|
| 003 | OSt | ||
| 005 | 20220908214113.0 | ||
| 008 | 220908b |||||||| |||| 00| 0 eng d | ||
| 040 | _cBiblioteca Lado V | ||
| 082 |
_a321.9 _bK96j |
||
| 100 | _aKukoc, Ivonne | ||
| 245 |
_aJuan Pablo por Ivonne/ _bEl Contrarelato de la doctrina Chocobar/ |
||
| 260 |
_aBuenos Aires, Argentina _bPROA _c2017 |
||
| 300 |
_a76p. _c13x18cm |
||
| 942 |
_2ddc _c1 _h321.9 _iK96j _n0 |
||
| 999 |
_c1968 _d1968 |
||